• 首页
  • 本馆介绍
  • 公告通知
  • 最新文献
  • 馆藏检索
  • 电子资源
  • 读者导购
  • 参考咨询
  • 我的图书馆
  • 登录
  • 详细信息显示
  • 放入我的书架
  • 预约/预借图书
  • 作者相关作品
  • 分类相关作品
  • 丛书相关作品
  • 出版社相关作品

书目信息

  • 表格格式
  • 工作单格式
  • 卡片格式
题名:
幽微的人性
    
 
作者: ;李玫瑾, 著
分册:  
出版信息: 北京   北京联合出版公司  2019.4
页数: 273页
开本: 24cm
丛书名:
单 册:
中图分类: D917.2-49
科图分类:
主题词: 犯罪心理学--fan zui xin li xue--通俗读物
电子资源:
ISBN: 978-7-5596-2947-0
000 00913nam0 2200229 450
001 2156278693
005 20211011172911.0
010    @a978-7-5596-2947-0@dCNY39.80
100    @a20190415d2019 em y0chiy50 ea
101 0  @achi
102    @aCN@b110000
105    @ay z 000yy
106    @ar
200 1  @a幽微的人性@Ayou wei de ren xing@f李玫瑾著
210    @a北京@c北京联合出版公司@d2019.4
215    @a273页@d24cm
330    @a本书取材自李玫瑾在电视谈话节目中的访谈内容。她在书中以通俗的语言介绍了犯罪心理画像理论,并通过近年来国内外轰动一时的恶性犯罪案件剖析了犯罪人的心理成因,阐释了犯罪心理学在预防和惩治犯罪方面的重要性,呼吁全社会关爱青少年尤其是留守儿童,重视他们的成长环境,对他们加强心理教育。
606 0  @a犯罪心理学@Afan zui xin li xue@j通俗读物
690    @aD917.2-49@v5
702  0 @a李玫瑾,@Ali mei jin ,@f1958-@4著
801  0 @aCN@b百万庄@c20211006
905    @b1305538-541@dD917.2-49@e887@f4
    
    幽微的人性/李玫瑾著.-北京:北京联合出版公司,2019.4
    273页;24cm
    
    
    ISBN 978-7-5596-2947-0:CNY39.80
    本书取材自李玫瑾在电视谈话节目中的访谈内容。她在书中以通俗的语言介绍了犯罪心理画像理论,并通过近年来国内外轰动一时的恶性犯罪案件剖析了犯罪人的心理成因,阐释了犯罪心理学在预防和惩治犯罪方面的重要性,呼吁全社会关爱青少年尤其是留守儿童,重视他们的成长环境,对他们加强心理教育。
●
相关链接 在E读中查询图书 在五车中查询图书 在当当中查询图书 在豆瓣中查询图书


正题名:幽微的人性     索取号:D917.2-49/887         预约/预借

序号 登录号 条形码 馆藏地/架位号 状态 备注
1 1305538   213055389   第一样本阅览室/ [索取号:D917.2-49/887] 在馆    
2 1305539   213055398   第一借阅区/ [索取号:D917.2-49/887] 在馆    
3 1305540   213055405   第一借阅区/ [索取号:D917.2-49/887] 在馆    
4 1305541   213055414   第一借阅区/ [索取号:D917.2-49/887] 在馆    
唐山师范学院图书馆 欢迎您!
大连网信软件有限公司© 版权所有